[Event "ODJM B 2023"]
[Site "Willingen GER"]
[Date "2023.05.28"]
[Round "2"]
[White "Reuter, Luca Marek"]
[Black "Fettig, Konrad"]
[Result "0-1"]
[Termination "normal"]
[Board "32"]
[WhiteElo "1570"]
[BlackElo "1601"]
[WhiteClock "00:53:08"]
[BlackClock "00:48:49"]
[PlyCount "58"]
[WhiteFideId "16226712"]
[BlackFideId "34622888"]
[EventCountry "GER"]
[EventRounds "9"]
[EventType "swiss"]
[EventDate "2023.05.27"]

1. e4 {[%clk 01:30:52]} {[%emt 00:00:08]} c5 {[%clk 01:30:23]} {[%emt
00:00:38]} 2. c3 {[%clk 01:26:48]} {[%emt 00:04:33]} d5 {[%clk 01:28:13]}
{[%emt 00:02:41]} 3. exd5 {[%clk 01:25:06]} {[%emt 00:02:12]} Qxd5 {[%clk
01:28:30]} {[%emt 00:00:12]} 4. Nf3 {[%clk 01:25:30]} {[%emt 00:00:06]} Bg4
{[%clk 01:26:39]} {[%emt 00:02:20]} 5. Qa4+ {[%clk 01:25:03]} {[%emt 00:00:58]}
Bd7 {[%clk 01:24:19]} {[%emt 00:02:49]} 6. Qc4 {[%clk 01:25:18]} {[%emt
00:00:16]} Nf6 {[%clk 01:22:27]} {[%emt 00:02:23]} 7. d4 {[%clk 01:23:29]}
{[%emt 00:02:19]} e6 {[%clk 01:20:06]} {[%emt 00:02:51]} 8. Be3 {[%clk
01:22:16]} {[%emt 00:01:42]} cxd4 {[%clk 01:19:27]} {[%emt 00:01:09]} 9. Bxd4
{[%clk 01:21:53]} {[%emt 00:00:53]} Qxc4 {[%clk 01:18:48]} {[%emt 00:01:09]}
10. Bxc4 {[%clk 01:22:16]} {[%emt 00:00:07]} Be7 {[%clk 01:16:42]} {[%emt
00:02:36]} 11. O-O {[%clk 01:22:07]} {[%emt 00:00:39]} Nc6 {[%clk 01:15:30]}
{[%emt 00:01:43]} 12. Be3 {[%clk 01:21:44]} {[%emt 00:00:52]} O-O {[%clk
01:13:40]} {[%emt 00:02:19]} 13. Nbd2 {[%clk 01:20:06]} {[%emt 00:02:09]} Rfd8
{[%clk 01:09:39]} {[%emt 00:04:32]} 14. Rfe1 {[%clk 01:17:27]} {[%emt
00:03:08]} Bd6 {[%clk 01:03:57]} {[%emt 00:06:12]} 15. Bg5 {[%clk 01:16:01]}
{[%emt 00:01:57]} Be7 {[%clk 01:02:30]} {[%emt 00:01:57]} 16. Ne5 {[%clk
01:14:44]} {[%emt 00:01:47]} Nxe5 {[%clk 01:01:20]} {[%emt 00:01:39]} 17. Rxe5
{[%clk 01:15:05]} {[%emt 00:00:10]} Bc6 {[%clk 01:00:32]} {[%emt 00:01:18]} 18.
Nb3 {[%clk 01:13:41]} {[%emt 00:01:53]} h6 {[%clk 00:59:51]} {[%emt 00:01:10]}
19. Bh4 {[%clk 01:13:46]} {[%emt 00:00:25]} Rd7 {[%clk 00:59:20]} {[%emt
00:01:02]} 20. Bg3 {[%clk 01:12:54]} {[%emt 00:01:22]} Rad8 {[%clk 00:58:13]}
{[%emt 00:01:37]} 21. Nd4 {[%clk 01:11:32]} {[%emt 00:01:52]} Nd5 {[%clk
00:56:48]} {[%emt 00:01:55]} 22. Rd1 {[%clk 01:01:07]} {[%emt 00:10:56]} Nb6
{[%clk 00:54:36]} {[%emt 00:02:41]} 23. Bb3 {[%clk 01:00:21]} {[%emt 00:01:16]}
Bf6 {[%clk 00:53:49]} {[%emt 00:01:17]} 24. Ree1 {[%clk 00:56:23]} {[%emt
00:04:27]} Bxd4 {[%clk 00:52:27]} {[%emt 00:01:53]} 25. Rxd4 {[%clk 00:53:45]}
{[%emt 00:03:08]} Rxd4 {[%clk 00:51:27]} {[%emt 00:01:29]} 26. cxd4 {[%clk
00:52:41]} {[%emt 00:01:35]} Rxd4 {[%clk 00:50:53]} {[%emt 00:01:04]} 27. Rd1
{[%clk 00:52:49]} {[%emt 00:00:22]} Rxd1+ {[%clk 00:51:15]} {[%emt 00:00:07]}
28. Bxd1 {[%clk 00:53:16]} {[%emt 00:00:04]} Bd5 {[%clk 00:49:05]} {[%emt
00:02:40]} 29. a3 {[%clk 00:53:08]} {[%emt 00:00:39]} Nc4 {[%clk 00:48:49]}
{[%emt 00:00:45]} 0-1

[Event "ODJM B 2023"]
[Site "Willingen GER"]
[Date "2023.05.28"]
[Round "2"]
[White "Morio, Estelle"]
[Black "Heitmann, Erik"]
[Result "1/2-1/2"]
[Termination "normal"]
[Board "34"]
[WhiteElo "1792"]
[BlackElo "1236"]
[WhiteClock "00:02:33"]
[BlackClock "00:50:23"]
[PlyCount "56"]
[WhiteFideId "12951951"]
[BlackFideId "34608940"]
[EventCountry "GER"]
[EventRounds "9"]
[EventType "swiss"]
[EventDate "2023.05.27"]

1. d4 {[%clk 01:30:58]} {[%emt 00:00:02]} d5 {[%clk 01:30:49]} {[%emt
00:00:12]} 2. Nf3 {[%clk 01:31:20]} {[%emt 00:00:07]} Nf6 {[%clk 01:31:02]}
{[%emt 00:00:17]} 3. g3 {[%clk 01:31:45]} {[%emt 00:00:05]} c6 {[%clk
01:31:02]} {[%emt 00:00:31]} 4. Bg2 {[%clk 01:32:08]} {[%emt 00:00:06]} g6
{[%clk 01:30:12]} {[%emt 00:01:20]} 5. O-O {[%clk 01:32:09]} {[%emt 00:00:29]}
Bg7 {[%clk 01:30:28]} {[%emt 00:00:14]} 6. b3 {[%clk 01:29:26]} {[%emt
00:03:13]} O-O {[%clk 01:30:33]} {[%emt 00:00:25]} 7. Bb2 {[%clk 01:29:40]}
{[%emt 00:00:17]} Nbd7 {[%clk 01:29:55]} {[%emt 00:01:08]} 8. Nbd2 {[%clk
01:28:34]} {[%emt 00:01:35]} b6 {[%clk 01:29:13]} {[%emt 00:01:12]} 9. c4
{[%clk 01:28:00]} {[%emt 00:01:04]} Ba6 {[%clk 01:26:19]} {[%emt 00:03:24]} 10.
Rc1 {[%clk 01:24:05]} {[%emt 00:04:25]} Rc8 {[%clk 01:25:57]} {[%emt 00:00:52]}
11. Re1 {[%clk 01:23:17]} {[%emt 00:01:18]} Re8 {[%clk 01:26:08]} {[%emt
00:00:20]} 12. e4 {[%clk 00:57:15]} {[%emt 00:26:31]} dxe4 {[%clk 01:22:20]}
{[%emt 00:04:18]} 13. Nxe4 {[%clk 00:53:27]} {[%emt 00:04:18]} Nxe4 {[%clk
01:22:38]} {[%emt 00:00:12]} 14. Rxe4 {[%clk 00:53:48]} {[%emt 00:00:09]} Nf6
{[%clk 01:21:59]} {[%emt 00:01:10]} 15. Re1 {[%clk 00:53:45]} {[%emt 00:00:32]}
e6 {[%clk 01:20:35]} {[%emt 00:01:54]} 16. Ne5 {[%clk 00:52:45]} {[%emt
00:01:30]} Bb7 {[%clk 01:20:01]} {[%emt 00:01:04]} 17. Qe2 {[%clk 00:49:35]}
{[%emt 00:03:40]} Qe7 {[%clk 01:19:58]} {[%emt 00:00:34]} 18. Rcd1 {[%clk
00:48:43]} {[%emt 00:01:21]} Red8 {[%clk 01:19:13]} {[%emt 00:01:16]} 19. Bc1
{[%clk 00:46:09]} {[%emt 00:03:03]} Nd7 {[%clk 01:17:39]} {[%emt 00:02:04]} 20.
f4 {[%clk 00:40:20]} {[%emt 00:06:19]} Nxe5 {[%clk 01:15:22]} {[%emt 00:02:47]}
21. fxe5 {[%clk 00:39:14]} {[%emt 00:01:36]} Rd7 {[%clk 01:12:44]} {[%emt
00:03:06]} 22. Qg4 {[%clk 00:30:36]} {[%emt 00:09:09]} h6 {[%clk 01:09:39]}
{[%emt 00:03:36]} 23. Bb2 {[%clk 00:22:03]} {[%emt 00:09:03]} Qd8 {[%clk
01:05:18]} {[%emt 00:04:51]} 24. Qe2 {[%clk 00:18:03]} {[%emt 00:04:31]} Bf8
{[%clk 01:02:09]} {[%emt 00:03:39]} 25. Rf1 {[%clk 00:13:04]} {[%emt 00:05:29]}
Rcc7 {[%clk 00:58:30]} {[%emt 00:04:09]} 26. Qd2 {[%clk 00:05:23]} {[%emt
00:08:11]} a5 {[%clk 00:53:24]} {[%emt 00:05:35]} 27. Bc3 {[%clk 00:04:06]}
{[%emt 00:01:48]} Kh7 {[%clk 00:52:02]} {[%emt 00:01:51]} 28. Qd3 {[%clk
00:02:33]} {[%emt 00:02:04]} Kg8 {[%clk 00:50:23]} {[%emt 00:02:08]} 1/2-1/2

[Event "ODJM B 2023"]
[Site "Willingen GER"]
[Date "2023.05.28"]
[Round "2"]
[White "Clauß, Annika"]
[Black "Werner, Florin"]
[Result "1/2-1/2"]
[Termination "normal"]
[Board "35"]
[WhiteElo "1466"]
[BlackElo "1678"]
[WhiteClock "00:21:21"]
[BlackClock "00:28:21"]
[PlyCount "85"]
[WhiteFideId "16261380"]
[BlackFideId "16250230"]
[EventCountry "GER"]
[EventRounds "9"]
[EventType "swiss"]
[EventDate "2023.05.27"]

1. d4 {[%clk 01:30:57]} {[%emt 00:00:03]} d5 {[%clk 01:30:54]} {[%emt
00:00:06]} 2. c4 {[%clk 01:31:22]} {[%emt 00:00:05]} c6 {[%clk 01:31:21]}
{[%emt 00:00:04]} 3. Nc3 {[%clk 01:31:41]} {[%emt 00:00:10]} dxc4 {[%clk
01:31:48]} {[%emt 00:00:04]} 4. Nf3 {[%clk 01:31:56]} {[%emt 00:00:15]} b5
{[%clk 01:32:14]} {[%emt 00:00:04]} 5. e3 {[%clk 01:31:39]} {[%emt 00:00:46]}
Nf6 {[%clk 01:32:40]} {[%emt 00:00:05]} 6. a4 {[%clk 01:30:34]} {[%emt
00:01:35]} b4 {[%clk 01:33:05]} {[%emt 00:00:05]} 7. Nb1 {[%clk 01:30:48]}
{[%emt 00:00:15]} e6 {[%clk 01:26:09]} {[%emt 00:07:26]} 8. Bxc4 {[%clk
01:29:28]} {[%emt 00:01:50]} a5 {[%clk 01:24:21]} {[%emt 00:02:19]} 9. O-O
{[%clk 01:25:42]} {[%emt 00:04:15]} Ba6 {[%clk 01:18:23]} {[%emt 00:06:29]} 10.
b3 {[%clk 01:25:41]} {[%emt 00:00:31]} Qc7 {[%clk 01:18:14]} {[%emt 00:00:39]}
11. Bb2 {[%clk 01:19:38]} {[%emt 00:06:32]} Nbd7 {[%clk 01:15:09]} {[%emt
00:03:35]} 12. Nbd2 {[%clk 01:16:29]} {[%emt 00:03:39]} Nb6 {[%clk 01:12:09]}
{[%emt 00:03:31]} 13. Rc1 {[%clk 01:16:13]} {[%emt 00:00:45]} Bd6 {[%clk
01:04:09]} {[%emt 00:08:31]} 14. Bxa6 {[%clk 01:16:15]} {[%emt 00:00:27]} Rxa6
{[%clk 01:04:32]} {[%emt 00:00:08]} 15. Qe2 {[%clk 01:16:35]} {[%emt 00:00:09]}
Ra8 {[%clk 01:04:22]} {[%emt 00:00:41]} 16. Nc4 {[%clk 01:13:38]} {[%emt
00:03:26]} O-O {[%clk 01:01:12]} {[%emt 00:03:40]} 17. Nxd6 {[%clk 01:12:51]}
{[%emt 00:01:17]} Qxd6 {[%clk 01:01:35]} {[%emt 00:00:07]} 18. Ne5 {[%clk
01:12:57]} {[%emt 00:00:24]} Rfc8 {[%clk 01:01:57]} {[%emt 00:00:08]} 19. Nc4
{[%clk 01:12:32]} {[%emt 00:00:55]} Nxc4 {[%clk 00:52:26]} {[%emt 00:10:02]}
20. Rxc4 {[%clk 01:11:22]} {[%emt 00:01:40]} Nd7 {[%clk 00:52:37]} {[%emt
00:00:19]} 21. Rfc1 {[%clk 00:55:11]} {[%emt 00:16:40]} Ra7 {[%clk 00:46:24]}
{[%emt 00:06:44]} 22. Qg4 {[%clk 00:40:02]} {[%emt 00:15:38]} Rac7 {[%clk
00:29:31]} {[%emt 00:17:23]} 23. d5 {[%clk 00:21:39]} {[%emt 00:18:54]} e5
{[%clk 00:29:55]} {[%emt 00:00:06]} 24. dxc6 {[%clk 00:21:39]} {[%emt
00:00:29]} Rxc6 {[%clk 00:30:13]} {[%emt 00:00:13]} 25. Rxc6 {[%clk 00:21:53]}
{[%emt 00:00:16]} Rxc6 {[%clk 00:26:59]} {[%emt 00:03:44]} 26. Rd1 {[%clk
00:21:12]} {[%emt 00:01:10]} Qe6 {[%clk 00:25:47]} {[%emt 00:01:43]} 27. Qxe6
{[%clk 00:21:01]} {[%emt 00:00:41]} fxe6 {[%clk 00:26:11]} {[%emt 00:00:06]}
28. Rxd7 {[%clk 00:21:17]} {[%emt 00:00:14]} Rc2 {[%clk 00:26:37]} {[%emt
00:00:04]} 29. Ra7 {[%clk 00:06:24]} {[%emt 00:15:23]} Rxb2 {[%clk 00:26:08]}
{[%emt 00:00:59]} 30. h3 {[%clk 00:06:46]} {[%emt 00:00:07]} Rxb3 {[%clk
00:26:27]} {[%emt 00:00:11]} 31. Rxa5 {[%clk 00:06:58]} {[%emt 00:00:18]} Ra3
{[%clk 00:26:50]} {[%emt 00:00:07]} 32. Rxe5 {[%clk 00:07:16]} {[%emt
00:00:11]} Rxa4 {[%clk 00:27:03]} {[%emt 00:00:19]} 33. Rxe6 {[%clk 00:07:29]}
{[%emt 00:00:17]} b3 {[%clk 00:26:24]} {[%emt 00:01:09]} 34. Rb6 {[%clk
00:07:46]} {[%emt 00:00:12]} Ra1+ {[%clk 00:26:28]} {[%emt 00:00:27]} 35. Kh2
{[%clk 00:08:08]} {[%emt 00:00:07]} Rb1 {[%clk 00:26:51]} {[%emt 00:00:08]} 36.
e4 {[%clk 00:08:06]} {[%emt 00:00:31]} Kf7 {[%clk 00:27:17]} {[%emt 00:00:04]}
37. e5 {[%clk 00:08:23]} {[%emt 00:00:13]} g5 {[%clk 00:26:56]} {[%emt
00:00:51]} 38. Kg3 {[%clk 00:08:29]} {[%emt 00:00:24]} h5 {[%clk 00:27:21]}
{[%emt 00:00:06]} 39. Kf3 {[%clk 00:04:31]} {[%emt 00:04:27]} b2 {[%clk
00:27:45]} {[%emt 00:00:07]} 40. Rf6+ {[%clk 00:02:08]} {[%emt 00:02:52]} Ke7
{[%clk 00:27:50]} {[%emt 00:00:26]} 41. Rb6 {[%clk 00:02:32]} {[%emt 00:00:06]}
Kd7 {[%clk 00:28:01]} {[%emt 00:00:19]} 42. e6+ {[%clk 00:01:27]} {[%emt
00:01:35]} Ke7 {[%clk 00:28:21]} {[%emt 00:00:09]} 43. Kg3 {[%clk 00:21:21]}
{[%emt 00:10:36]} 1/2-1/2

[Event "ODJM B 2023"]
[Site "Willingen GER"]
[Date "2023.05.28"]
[Round "2"]
[White "Strohschän, Michel"]
[Black "Reger, Christoph"]
[Result "1-0"]
[Termination "normal"]
[Board "36"]
[WhiteElo "1718"]
[BlackElo "1129"]
[WhiteClock "00:29:45"]
[BlackClock "00:13:51"]
[PlyCount "73"]
[WhiteFideId "34630465"]
[BlackFideId "16287606"]
[EventCountry "GER"]
[EventRounds "9"]
[EventType "swiss"]
[EventDate "2023.05.27"]

1. e4 {[%clk 01:30:55]} {[%emt 00:00:04]} c5 {[%clk 01:30:58]} {[%emt
00:00:02]} 2. Nf3 {[%clk 01:31:09]} {[%emt 00:00:16]} e6 {[%clk 01:31:16]}
{[%emt 00:00:12]} 3. Nc3 {[%clk 01:31:03]} {[%emt 00:00:36]} a6 {[%clk
01:31:36]} {[%emt 00:00:11]} 4. g3 {[%clk 01:29:45]} {[%emt 00:01:47]} b5
{[%clk 01:31:48]} {[%emt 00:00:18]} 5. Bg2 {[%clk 01:28:30]} {[%emt 00:01:45]}
Bb7 {[%clk 01:32:07]} {[%emt 00:00:11]} 6. d3 {[%clk 01:28:04]} {[%emt
00:00:56]} Nc6 {[%clk 01:31:42]} {[%emt 00:00:55]} 7. O-O {[%clk 01:27:06]}
{[%emt 00:01:28]} Be7 {[%clk 01:31:08]} {[%emt 00:01:04]} 8. Bd2 {[%clk
01:24:49]} {[%emt 00:02:47]} d5 {[%clk 01:30:24]} {[%emt 00:01:14]} 9. exd5
{[%clk 01:23:59]} {[%emt 00:01:20]} exd5 {[%clk 01:30:29]} {[%emt 00:00:26]}
10. Re1 {[%clk 01:23:09]} {[%emt 00:01:19]} Nf6 {[%clk 01:30:41]} {[%emt
00:00:19]} 11. Bg5 {[%clk 01:22:53]} {[%emt 00:00:45]} O-O {[%clk 01:30:50]}
{[%emt 00:00:20]} 12. d4 {[%clk 01:15:45]} {[%emt 00:07:39]} b4 {[%clk
01:26:06]} {[%emt 00:05:14]} 13. Ne2 {[%clk 01:12:18]} {[%emt 00:03:57]} c4
{[%clk 01:23:58]} {[%emt 00:02:38]} 14. c3 {[%clk 01:11:57]} {[%emt 00:00:51]}
Ne4 {[%clk 01:23:04]} {[%emt 00:01:24]} 15. Bxe7 {[%clk 01:11:51]} {[%emt
00:00:36]} Qxe7 {[%clk 01:23:27]} {[%emt 00:00:08]} 16. Qc2 {[%clk 01:09:53]}
{[%emt 00:02:27]} bxc3 {[%clk 01:17:25]} {[%emt 00:06:32]} 17. bxc3 {[%clk
01:09:43]} {[%emt 00:00:40]} Na7 {[%clk 01:12:52]} {[%emt 00:05:04]} 18. Nd2
{[%clk 01:05:21]} {[%emt 00:04:52]} f5 {[%clk 01:11:06]} {[%emt 00:02:15]} 19.
Nxe4 {[%clk 01:02:47]} {[%emt 00:03:05]} fxe4 {[%clk 01:11:24]} {[%emt
00:00:12]} 20. Rab1 {[%clk 01:02:48]} {[%emt 00:00:28]} Nb5 {[%clk 01:11:05]}
{[%emt 00:00:49]} 21. Qd2 {[%clk 01:01:11]} {[%emt 00:02:07]} Bc6 {[%clk
01:06:43]} {[%emt 00:04:53]} 22. Nf4 {[%clk 00:58:07]} {[%emt 00:03:33]} Qd6
{[%clk 00:59:20]} {[%emt 00:07:52]} 23. Re3 {[%clk 00:55:08]} {[%emt 00:03:30]}
g5 {[%clk 00:52:34]} {[%emt 00:07:17]} 24. Nh3 {[%clk 00:47:22]} {[%emt
00:08:15]} g4 {[%clk 00:47:13]} {[%emt 00:05:51]} 25. Nf4 {[%clk 00:45:51]}
{[%emt 00:02:02]} Ra7 {[%clk 00:42:21]} {[%emt 00:05:22]} 26. Ree1 {[%clk
00:41:56]} {[%emt 00:04:24]} Rg7 {[%clk 00:33:25]} {[%emt 00:09:27]} 27. a4
{[%clk 00:36:32]} {[%emt 00:05:54]} Nc7 {[%clk 00:29:54]} {[%emt 00:04:00]} 28.
Rb6 {[%clk 00:36:58]} {[%emt 00:00:05]} Qd7 {[%clk 00:29:36]} {[%emt 00:00:48]}
29. a5 {[%clk 00:36:51]} {[%emt 00:00:37]} Nb5 {[%clk 00:26:10]} {[%emt
00:03:55]} 30. Rxa6 {[%clk 00:32:44]} {[%emt 00:04:38]} Ra8 {[%clk 00:25:10]}
{[%emt 00:01:30]} 31. Rxa8+ {[%clk 00:32:30]} {[%emt 00:00:44]} Bxa8 {[%clk
00:25:38]} {[%emt 00:00:01]} 32. h3 {[%clk 00:32:40]} {[%emt 00:00:19]} gxh3
{[%clk 00:19:35]} {[%emt 00:06:34]} 33. Bxh3 {[%clk 00:32:57]} {[%emt
00:00:13]} Qd6 {[%clk 00:18:42]} {[%emt 00:01:24]} 34. Rc1 {[%clk 00:30:48]}
{[%emt 00:02:38]} Qa3 {[%clk 00:14:26]} {[%emt 00:04:46]} 35. Be6+ {[%clk
00:30:24]} {[%emt 00:00:54]} Kf8 {[%clk 00:14:14]} {[%emt 00:00:42]} 36. Nxd5
{[%clk 00:30:10]} {[%emt 00:00:44]} Qxa5 {[%clk 00:13:51]} {[%emt 00:00:53]}
37. Qf4+ {[%clk 00:29:45]} {[%emt 00:00:54]} 1-0

[Event "ODJM B 2023"]
[Site "Willingen GER"]
[Date "2023.05.28"]
[Round "2"]
[White "Direk, Oguzhan"]
[Black "Weis, Constantin"]
[Result "0-1"]
[Termination "normal"]
[Board "37"]
[WhiteElo "1553"]
[BlackElo "1677"]
[PlyCount "90"]
[WhiteFideId "16294343"]
[BlackFideId "16286197"]
[EventCountry "GER"]
[EventRounds "9"]
[EventType "swiss"]
[EventDate "2023.05.27"]

1. d4 Nf6 2. Nc3 d5 3. Bf4 c5 4. e3 cxd4 5. exd4 a6 6. Nf3 Nc6 7. Ne5 Qb6 8.
Nxc6 Qxc6 9. Be2 e6 10. O-O Be7 11. Re1 O-O 12. a3 Bd7 13. Bd3 b5 14. Ne2 a5
15. Qd2 b4 16. axb4 axb4 17. c3 Qb7 18. f3 Bb5 19. Bxb5 Qxb5 20. Reb1 Nd7 21.
Nc1 Nb6 22. Na2 Nc4 23. Qd3 bxc3 24. bxc3 Qc6 25. Nb4 Bxb4 26. Rxa8 Rxa8 27.
Rxb4 h6 28. g4 Rc8 29. Kg2 Qa6 30. h4 Qa2+ 31. Kg3 Qa1 32. Rb1 Qa3 33. g5 hxg5
34. hxg5 Nd6 35. Bxd6 Qxd6+ 36. f4 Qa3 37. Kg4 Qxc3 38. Qxc3 Rxc3 39. Rb4 Re3
40. Rb8+ Kh7 41. Rb7 Kg6 42. Rb4 Re4 43. Ra4 f6 44. gxf6 gxf6 45. Rb4 e5 0-1

[Event "ODJM B 2023"]
[Site "Willingen GER"]
[Date "2023.05.28"]
[Round "2"]
[White "Brandt, Greta"]
[Black "Krömer, Emanuel"]
[Result "0-1"]
[Termination "normal"]
[Board "38"]
[WhiteElo "1444"]
[BlackElo "1496"]
[PlyCount "68"]
[WhiteFideId "34605860"]
[BlackFideId "16287070"]
[EventCountry "GER"]
[EventRounds "9"]
[EventType "swiss"]
[EventDate "2023.05.27"]

1. Nf3 e6 2. g3 f5 3. Bg2 Nf6 4. O-O Be7 5. b3 O-O 6. Bb2 c6 7. c4 d5 8. cxd5
exd5 9. e3 Nbd7 10. d4 Ne4 11. Nbd2 Qc7 12. Qc2 Ndf6 13. Nxe4 Nxe4 14. Ne5 Be6
15. a3 a5 16. Rac1 Rac8 17. Nd3 Bd6 18. f3 Nxg3 19. hxg3 Bxg3 20. f4 Qe7 21.
Bf3 Rf6 22. Ne5 Rh6 23. Rfd1 g5 24. Qg2 gxf4 25. exf4 Qh4 26. Rd3 Kh8 27. Kf1
Rg8 28. Ke2 Bxf4 29. Qh1 Bxc1 30. Qxh4 Rxh4 31. Bxc1 f4 32. Kd2 Bf5 33. Rc3
Rh2+ 34. Kd1 Rg1# 0-1

[Event "ODJM B 2023"]
[Site "Willingen GER"]
[Date "2023.05.28"]
[Round "2"]
[White "Andresen, Eric"]
[Black "Bergmann, Lennart"]
[Result "1-0"]
[Termination "normal"]
[Board "39"]
[WhiteElo "1526"]
[BlackElo "1515"]
[PlyCount "59"]
[WhiteFideId "34641360"]
[BlackFideId "16270657"]
[EventCountry "GER"]
[EventRounds "9"]
[EventType "swiss"]
[EventDate "2023.05.27"]

1. Nf3 Nf6 2. c4 d6 3. g3 g6 4. b4 a5 5. b5 c6 6. Bb2 e5 7. d3 Qb6 8. a4 Ng4 9.
e3 f5 10. d4 e4 11. c5 Qd8 12. d5 Rg8 13. dxc6 exf3 14. Bc4 Rg7 15. Bxg7 Bxg7
16. Qd5 Qe7 17. cxd6 bxc6 18. bxc6 Nxe3 19. fxe3 Qxe3+ 20. Kd1 Be6 21. Qxe6+
Qxe6 22. Bxe6 Bxa1 23. c7 Nd7 24. Bd5 Rc8 25. Re1+ Ne5 26. Bc6+ Kf7 27. Rxe5
Bxe5 28. d7 Rxc7 29. d8=Q Re7 30. Bd5+ 1-0

[Event "ODJM B 2023"]
[Site "Willingen GER"]
[Date "2023.05.28"]
[Round "2"]
[White "Farokhi, Darian"]
[Black "Tulchynsky, Mark"]
[Result "0-1"]
[Termination "normal"]
[Board "40"]
[WhiteElo "1455"]
[BlackElo "1425"]
[PlyCount "48"]
[WhiteFideId "16253108"]
[BlackFideId "34617698"]
[EventCountry "GER"]
[EventRounds "9"]
[EventType "swiss"]
[EventDate "2023.05.27"]

1. e4 e5 2. Nf3 Nc6 3. Bc4 Nf6 4. d3 d5 5. exd5 Nxd5 6. c3 Bg4 7. h3 Bh5 8. Bb3
Bc5 9. Bc2 O-O 10. O-O Qd7 11. Nbd2 Rae8 12. Ne4 Bb6 13. Re1 f5 14. Ng3 Bxf3
15. Qxf3 e4 16. Qd1 Qd6 17. d4 Na5 18. b3 Nxc3 19. Qh5 g6 20. Qg5 Bxd4 21. Bd2
Bf6 22. Qh6 Bg7 23. Qh4 Qxd2 24. Rac1 Bf6 0-1

[Event "ODJM B 2023"]
[Site "Willingen GER"]
[Date "2023.05.28"]
[Round "2"]
[White "Uhlmann, Jonas"]
[Black "Laux, Filip"]
[Result "1/2-1/2"]
[Termination "normal"]
[Board "41"]
[WhiteElo "1558"]
[BlackElo "1407"]
[PlyCount "88"]
[WhiteFideId "16258576"]
[BlackFideId "16275730"]
[EventCountry "GER"]
[EventRounds "9"]
[EventType "swiss"]
[EventDate "2023.05.27"]

1. e4 c6 2. c4 d5 3. cxd5 cxd5 4. exd5 Nf6 5. Nc3 Nxd5 6. d4 Nc6 7. Nf3 Bg4 8.
Bc4 Nb6 9. Bb3 e6 10. O-O Bxf3 11. Qxf3 Be7 12. Be3 O-O 13. Rad1 Bf6 14. d5
Nxd5 15. Nxd5 exd5 16. Bxd5 Qc7 17. b3 Rac8 18. Rfe1 Rfd8 19. Bf4 Qa5 20. Qh5
g6 21. Qf3 Nd4 22. Bxf7+ Kxf7 23. Qxb7+ Kg8 24. Be3 Nc2 25. Rf1 Rc7 26. Rxd8+
Bxd8 27. Qe4 Nxe3 28. fxe3 Qb5 29. Qe6+ Kh8 30. a4 Qd7 31. Qe4 Rc6 32. Qe5+ Kg8
33. Qb5 Rd6 34. Qc4+ Re6 35. Qc3 Rxe3 36. Qc5 Re8 37. Qc4+ Qe6 38. Qc2 Bb6+ 39.
Kh1 Rc8 40. Qd3 Rd8 41. Qf3 Qf5 42. Qe2 Qd7 43. b4 Qxa4 44. Qe6+ Kh8 1/2-1/2

[Event "ODJM B 2023"]
[Site "Willingen GER"]
[Date "2023.05.28"]
[Round "2"]
[White "Yang, Markus"]
[Black "Jansen, Malte"]
[Result "0-1"]
[Termination "normal"]
[Board "42"]
[WhiteElo "1518"]
[BlackElo "1503"]
[PlyCount "60"]
[WhiteFideId "16206550"]
[BlackFideId "16295137"]
[EventCountry "GER"]
[EventRounds "9"]
[EventType "swiss"]
[EventDate "2023.05.27"]

1. e4 e5 2. Nf3 Nc6 3. d4 exd4 4. Nxd4 Bc5 5. Be3 Qf6 6. c3 d6 7. Bc4 Bd7 8.
O-O O-O-O 9. b4 Bxd4 10. Bxd4 Qg6 11. f3 Nge7 12. a4 f5 13. a5 fxe4 14. b5 exf3
15. Qxf3 Rhf8 16. Qxf8 Rxf8 17. Rxf8+ Nd8 18. b6 Bc6 19. Bf1 cxb6 20. axb6 a6
21. Nd2 Kd7 22. g3 Ne6 23. Bh3 Qh6 24. Bxe6+ Qxe6 25. Nf3 Ng6 26. Ng5 Qd5 27.
Rf7+ Kd8 28. Kf2 Qxg5 29. Re1 Qd5 30. Rxg7 Qf3+ 0-1

[Event "ODJM B 2023"]
[Site "Willingen GER"]
[Date "2023.05.28"]
[Round "2"]
[White "Hornstein, Leonhard Orell"]
[Black "Meitzner, Johan Eduard"]
[Result "1-0"]
[Termination "normal"]
[Board "43"]
[WhiteElo "1476"]
[BlackElo "1262"]
[PlyCount "71"]
[WhiteFideId "16254643"]
[BlackFideId "34623612"]
[EventCountry "GER"]
[EventRounds "9"]
[EventType "swiss"]
[EventDate "2023.05.27"]

1. d4 d5 2. Nc3 c5 3. dxc5 Nf6 4. Nf3 Nc6 5. Bg5 d4 6. Bxf6 exf6 7. Ne4 Bf5 8.
Nd6+ Bxd6 9. cxd6 Qxd6 10. e3 Qb4+ 11. c3 dxc3 12. bxc3 Qxc3+ 13. Nd2 Nb4 14.
Bb5+ Ke7 15. O-O Rhd8 16. Rc1 Qxd2 17. Rc7+ Kf8 18. Qb3 Be6 19. Bc4 Qd6 20.
Bxe6 fxe6 21. Rxb7 Nc6 22. Qc2 Rab8 23. Rxb8 Rxb8 24. Qxh7 Qd5 25. Qc2 Nb4 26.
Qc7 Rb7 27. Qc8+ Kf7 28. h3 Nxa2 29. Qc2 Nb4 30. Qa4 Qa2 31. Qd1 Qd5 32. Qe2 a5
33. Rd1 Qb5 34. Qd2 a4 35. Rb1 Qd3 36. Qxd3 1-0

[Event "ODJM B 2023"]
[Site "Willingen GER"]
[Date "2023.05.28"]
[Round "2"]
[White "Moldovan, Tudor"]
[Black "Borgmann, Simon"]
[Result "0-1"]
[Termination "normal"]
[Board "44"]
[WhiteElo "1380"]
[BlackElo "1543"]
[PlyCount "76"]
[WhiteFideId "16288203"]
[BlackFideId "16234677"]
[EventCountry "GER"]
[EventRounds "9"]
[EventType "swiss"]
[EventDate "2023.05.27"]

1. e4 d5 2. exd5 Qxd5 3. Nc3 Qa5 4. d4 c6 5. h3 Nf6 6. Nf3 g6 7. Bd3 Bg7 8. Be3
Nd5 9. Bd2 Qc7 10. Nxd5 cxd5 11. Be3 O-O 12. Qd2 Nd7 13. g4 Re8 14. O-O-O Nf6
15. Rdg1 Ne4 16. Bxe4 dxe4 17. Ne1 Rd8 18. c3 e5 19. Kb1 Be6 20. Nc2 Rac8 21.
Rc1 Qc4 22. Nb4 a5 23. b3 Qc7 24. Nc2 a4 25. Nb4 axb3 26. axb3 Bxb3 27. Qb2 Qc4
28. h4 Ra8 29. h5 Ra5 30. hxg6 fxg6 31. Bd2 Rda8 32. Rh3 Bf8 33. dxe5 Bc5 34.
Be1 e3 35. fxe3 Bxb4 36. cxb4 Qd3+ 37. Rc2 Bxc2+ 38. Qxc2 Ra1+ 0-1